|
|
|
|
| LEADER |
01708nam a2200301 a 4500 |
| 001 |
205611 |
| 008 |
090908s1999 nyua b 000 0 eng d |
| 010 |
|
|
|a 99065366
|
| 020 |
|
|
|a 3791322192 (hardcover : acid-free paper)
|
| 040 |
|
|
|a DLC
|c DLC
|d DLC
|
| 082 |
0 |
0 |
|a 727/.7/09049
|2 21
|
| 245 |
0 |
0 |
|a Museums for a new millennium :
|b concepts, projects, buildings /
|c edited by Vittorio Magnago Lampugnani and Angeli Sachs ; with an introduction by Vittorio Magnago Lampugnani, an essay by Stanislaus von Moos, and contributions by Friedrich Achleitner ... [et al.] ; [translations from the Dutch, Arthur Payman ; from the French, David Radzinowicz Howell ; from the German, Peter Green, Elizabeth Schwaiger, Robert H. Thomas ; from the Italian, Marguerite Shore, and from the Spanish, Silvija Danielson].
|
| 260 |
|
|
|a Munich ;
|a New York :
|b Prestel,
|c 1999.
|
| 300 |
|
|
|a 224 p. :
|b ill. (some col.) ;
|c 31 cm.
|
| 500 |
|
|
|a Published on the occasion of an exhibition held at the Hessenhuis, Antwerp and eleven other institutions between Feb. 4, 2000 and Nov. 23, 2003.
|
| 504 |
|
|
|a Includes bibliographical references (p. 214-223).
|
| 541 |
1 |
|
|e 00012602
|
| 650 |
|
0 |
|a Art museum architecture.
|
| 650 |
|
0 |
|a Architecture, Modern
|y 20th century.
|
| 700 |
1 |
|
|a Magnago Lampugnani, Vittorio,
|d 1951-
|
| 700 |
1 |
|
|a Sachs, Angeli.
|
| 700 |
1 |
|
|a Moos, Stanislaus von.
|
| 700 |
1 |
|
|a Achleitner, Friedrich,
|d 1930-
|
| 710 |
2 |
|
|a Hessenhuis.
|
| 852 |
4 |
|
|a Ayesha Abed Library
|j General shelf
|
| 942 |
0 |
0 |
|0 3
|
| 999 |
|
|
|c 3960
|d 3960
|
| 952 |
|
|
|0 0
|1 0
|2 ddc
|4 0
|6 727_709049000000000_MUS
|7 0
|9 3643
|a BRACUL
|b BRACUL
|c GEN
|d 2009-09-16
|g 6635.00
|l 28
|m 157
|o 727.709049 MUS
|p 3010012602
|r 2025-07-20
|s 2025-06-23
|t 1
|w 2009-09-16
|y BK
|x HKD 618.60
|